|
|
|
|
| LEADER |
01079nam a2200265 a 4500 |
| 001 |
4449922 |
| 008 |
090817s1996 enka b 001 0 eng d |
| 010 |
|
|
|a 95001743
|
| 020 |
|
|
|a 0521453054 (hardback)
|
| 020 |
|
|
|a 0521459222 (pbk.)
|
| 040 |
|
|
|a DLC
|c DLC
|d DLC
|
| 082 |
0 |
0 |
|a 428/.007
|2 20
|
| 100 |
1 |
|
|a Lock, Graham.
|
| 245 |
1 |
0 |
|a Functional English grammar :
|b an introduction for second language teachers /
|c Graham Lock.
|
| 260 |
|
|
|a Cambridge ;
|a New York :
|b Cambridge University Press,
|c 1996.
|
| 300 |
|
|
|a xiii, 296 p. :
|b ill. ;
|c 23 cm.
|
| 490 |
|
0 |
|a Cambridge language education
|
| 504 |
|
|
|a Includes bibliographical references (p. 284-288) and index.
|
| 541 |
1 |
|
|e 00015676
|
| 650 |
|
0 |
|a English language
|x Study and teaching
|x Foreign speakers.
|
| 650 |
|
0 |
|a English language
|x Grammar.
|
| 650 |
|
0 |
|a Functionalism (Linguistics)
|
| 852 |
4 |
|
|a Ayesha Abed Library
|j General Shelf.
|
| 999 |
|
|
|c 3399
|d 3399
|
| 952 |
|
|
|0 0
|1 0
|2 ddc
|4 0
|6 428_007000000000000_LOC_2002
|7 0
|9 3086
|a BRACUL
|b BRACUL
|c GEN
|d 2009-08-31
|l 5
|m 29
|o 428.007 LOC
|p 3010015676
|r 2022-11-08
|s 2022-10-03
|t 1
|w 2009-08-31
|y BK
|